000 01257nam a2200337Ia 4500
005 20220316235804.0
008 121119s9999 xx 000 0 und d
020 _a8433966715
041 _aspa
100 1 _aRoy, Arundhati
_d1961-
245 1 3 _aEl dios de las pequeñas cosas
_cArundhati Roy ; traducción de Cecilia Ceriani y Txaro Santoro
250 _a9a edición
300 _a382 páginas
_c21 cm.
490 _aCompactos
_v240
521 _aRecomendado para adultos
534 _tGod of small things
650 1 4 _2LEMB
_aNovela inglesa
_ySiglo XX
650 1 4 _2LEMB
_aLiteratura india
_ySiglo XX
650 1 4 _2LEMB
_aFamilia en la literatura
_vNovela
650 1 4 _2LEMB
_aMuerte en la literatura
_vNovela
700 1 _aCeriani, Cecilia
_etraductor
_951700
700 1 _aTxaro, Santoro
_etraductor
_951701
830 _aColección de Fortalecimiento 2011
_pColección de Fortalecimiento del Ministerio de Cultura, Plan Nacional de Lectura y Escritura Leer es mi Cuento, Fortalecimiento 2011
942 _2loc
_cBKLIT
264 _aBarcelona
_bAnagrama
_c2005
336 _atexto
_btxt
_2rdacontent
337 _asin mediación
_bn
_2rdamedia
338 _avolumen
_bnc
_2rdacarrier
040 _aCO-BoRNBP
_bspa
_erda
_cCO-BoRNBP
084 _aN ROY1
999 _c2164
_d2164